000 nam a22 7a 4500
999 _c64368
_d64368
005 20220607113618.0
008 220607b xxu||||| |||| 00| 0 eng d
040 _aANE
041 _aEs
082 _a328.1 C827
110 _aCorts, Valencianes
245 _aAnuario de Derecho Parlamentario No.16
260 _c2005
300 _a416 p.
650 _aDerecho Parlamentario
942 _2ddc
_cBK
_zNr.